000 00281nam a2200121Ia 4500
008 190216s9999||||xx |||||||||||||| ||und||
100 _aWodehouse P G
245 0 _aJeeves In The Offing
260 _bPenguin Books
_c1960
300 _a174p
650 _aEnglish Novel
942 _cBK
999 _c12746
_d12746